A magyar lélek alapvonásai népi kultúránkban előadás /

Elmentve itt :
Bibliográfiai részletek
Szerző: Ortutay Gyula
Dokumentumtípus: Könyv
Megjelent: 1933
Sorozat:A Szegedi Alföldkutató Bizottság könyvtára : IV. (társadalom- és néprajzi) szakosztály közleményei
Kulcsszavak:Társadalomlélektan - magyar, Karakter - nemzeti
Tárgyszavak:
Online Access:http://acta.bibl.u-szeged.hu/57184
LEADER 00766nam a2200193 i 4500
001 acta57184
005 20230309154207.0
008 190410s1933 hu o 0|| hun d
040 |a SZTE Egyetemi Kiadványok Repozitórium  |b hun 
041 |a hun 
100 1 |a Ortutay Gyula 
245 1 2 |a A magyar lélek alapvonásai népi kultúránkban   |h [elektronikus dokumentum] :  |b előadás /  |c  Ortutay Gyula 
260 |c 1933 
300 |a 18 
490 0 |a A Szegedi Alföldkutató Bizottság könyvtára : IV. (társadalom- és néprajzi) szakosztály közleményei 
650 4 |a Társadalomtudományok 
650 4 |a Szociológia 
695 |a Társadalomlélektan - magyar, Karakter - nemzeti 
856 4 0 |u http://acta.bibl.u-szeged.hu/57184/1/alfoldkutato_004_021.pdf  |z Dokumentum-elérés